000 00349nam a2200145Ia 4500
008 150201s2014 xx 000 0 und d
082 _a618
_bT14R
100 _aROCK, JOHN A.
245 _aTE LINDE,S OPERATIVE GYNECOLOGY
250 _a10TH
260 _bWOLTERS KLUWER
_aINDIA
_c2014
300 _a1-1449
650 _aGYNECOLOGY
942 _2ddc
_cBK
999 _c1775
_d1775